| 000 | 00579nam a2200253Ia 4500 | ||
|---|---|---|---|
| 005 | 20250425162318.0 | ||
| 008 | 250425s9999 xx 000 0 und d | ||
| 020 | _a9978338039 | ||
| 041 | _aspa | ||
| 043 | _aec | ||
| 082 | _a336.2 | ||
| 100 | _aSANCHEZ CARRION, GILBERTO | ||
| 245 | 0 | _aGUIA PRACTICA TRIBUTARIA | |
| 250 | _a1A ED. | ||
| 260 |
_aEcuador _bEDICIONES EDYPE _c2006 |
||
| 260 | _aQUITO | ||
| 300 | _a156 | ||
| 650 | _aGUIAS | ||
| 650 | _aIMPUESTO A LA RENTA-ECUADOR | ||
| 650 | _aTRIBUTACION | ||
| 710 | _aEDYPE | ||
| 942 | _c01 | ||
| 010 | _a60877 | ||
| 999 |
_c226653 _d226653 |
||